00857 2200289 4500001002100000005001500021035002000036007000300056008004100059020002200100040002200122082001400144084001600158090002200174100004100196245006800237250003600305300002500341650003300366850001200399264003800411336002100449337003000470338002300500999002200523990002200545INLIS00000000089519820250417095906 a0010-0425000447ta250417s2024 yoi g 000 0 ind d a978-623-442-393-8 aYOPDYOGbinderda04223a248.4 a248.4 PAU e aCB-D.11 2024-61300 aPaulus Satyo Istandar TanePengarang10aEklesiologi :bsebuah obyek kursus /cPaulus Satyo Istandar Tan aCetakan Pertama, September 2024 a154 halaman ;c23 cm 4aKehidupan beragama (Kristen) aYOPDYOG31aYogyakarta :bPohon Cahaya,c2024 2rdacontentateks 2rdamediaatanpa perantara 2rdacarrieravolume aCB-D.11/2024-6130 aCB-D.11/2024-6130